Statistiques concernant Paroles - Le temps des cathédrales, Notre Dame de Paris

Cliquez ici pour prendre le quiz!

Statistiques générales

  • Ce quiz a été pris 79 fois
  • Le résultat moyen est 187 sur 224

Statistiques - réponses

Paroles% Correct
de
99%
De
99%
est
99%
Est
99%
Il
99%
Le
99%
le
99%
temps
99%
venu
99%
cathédrales
97%
des
97%
Mille
96%
mille
96%
un
96%
dans
94%
Dans
94%
en
94%
millénaire
94%
monde
94%
entré
93%
La
93%
la
93%
nouveau
93%
et
91%
a
90%
à
90%
ce
90%
les
88%
Les
88%
ou
88%
ces
86%
pour
86%
Pour
86%
deux
84%
étoiles
84%
pierre
84%
Pierre
84%
pierre,
84%
son
84%
une
84%
l’an
83%
Histoire
81%
histoire
81%
Qui
81%
qui
81%
cent
80%
C’est
80%
Dieu
80%
vers
80%
deux
78%
monter
78%
quatre
78%
vingt
78%
Écrire
77%
Paris
77%
voulu
77%
au
75%
lieu
75%
belle
74%
d’amour
74%
verre
74%
L’Homme
72%
ses
72%
siècle
72%
venir
71%
vous
71%
fin
70%
après
68%
jour
68%
anonymes
67%
artistes
67%
désir
67%
Ont
67%
rime
67%
siècles
67%
amour
65%
avec
65%
ville
65%
chansons
62%
foutu
62%
genre
62%
humain
62%
prévue
62%
tours
62%
troubadours
62%
aux
61%
chanté
61%
Nous
61%
portes
61%
sculpture
61%
vu
61%
transcrire
59%
barbares
58%
foule
58%
mains
58%
Tenteront
58%
bâti
57%
poètes
57%
entrer
55%
meilleurs
55%
qu’il
55%
s’élever
55%
Laissez
54%
paiens,
54%
vandales
54%
avait
52%
lendemains
52%
promettaient
48%

Distribution des résultats

Percentile par nombre de réponses

% des personnes avec chaque résultat

Votre développement - résultats

Vous n’avez pas pris ce quiz